Регионална библиотека "Любен Каравелов" - Русе

Елмър и дъгата (Запис номер 323597)

MARC детайли
000 -Лидер
Контролно поле с фиксирана дължина 01278aaa a2200313 a 4500
003 - Код на организацията, давaща контролен номер
Контролно поле BLK
005 - Дата и час на последна редакция
Контролно поле 20250207163802.0
008 - Елементи от данни с фиксирана дължина
fixed length control field 180803b bula|||ar|||| 00| 0 bul d
020 ## - Международен стандартен номер на книга ISBN
Международен стандартен номер на книга ISBN 9786191864041
040 ## - Източник на каталожния запис
Идентификатор на билиотеката - собственик на записа BLK
041 ## - Код за език
Код за езика на текст/звукозапис или на отделно заглавие Български
Код за езика КДБФ Български
072 ## - Код за тематичната категория
9 (RLIN) 178281
Код за тематична категория Н85
Текст Детска художествена литература Н
080 ## - УДК
Текстов определител УДК Английска литература
УДК код - определител по УДК 821.111
УДК - код + определител 821.111-93-34
УДК определител -93-34
100 ## - Редна дума - Автор
Автор Маккий, Дейвид
Авторска отговорност първи автор
R(LIN) 1299
139 ## - Редно поле
Редна дума Маккий, Дейвид
Авторски знак Мак - М 19
245 ## - Сведения за заглавието
Заглавие Елмър и дъгата
Редно поле (дума) Текст и ил. Дейвид Маккий; прев. Манол Пейков
257 ## - Страна на издаване
Страна на създаване/издаване Великобритания
260 ## - Област на издателските данни
Име на издателя, разпространителя и проч. "Жанет 45"
Година на издаване 2018
Място на издаване, разпространение и проч. Пловдив
300 ## - Физическа характеристика
Страници 32 с.
Размери/Мащаб 28 см
Илюстрации и др. с цв. ил
380 ## - Жанр
Жанр Детска худож. лит.
500 ## - Общи забележки
Забележка Ориг. загл., установено от доп. източник: Elmer and the rainbow / David McKee<br/>Част от загл. на поредица Елмър
700 ## - Други автори (авторска отговорност)
9 (RLIN) 382564
Лично име Пейков, Манол Костадинов
Автороска отговорност (Описва отношението между автора и произведението) прев. от англ.
852 ## - Местоположение
Форматна сигнатура Цб ІІ 23186
999 ## - СИСТЕМНИ КОНТРОЛНИ НОМЕРА
Koha biblionumber 323597
Koha biblioitemnumber 323597
942 ## - АРТИКУЛИ
Вид на библиотечния материал Книги
Източник на класификационната схема Universal Decimal Classification
Скрит в OPAC Не
Koha issues (borrowed), all copies 63
Периодичен библиозапис Да
944 ## - СЪЗДАВАНЕ И РЕДАКЦИЯ на ЗАПИСА
Създаване/Редакция Редакция
Дата на регистрацията/редакция 2018-12-12
Служител, извършил регистрацията/редакцията 30537
Статус, дата на статуса Грета Цуфелде
999 ## - СИСТЕМНИ КОНТРОЛНИ НОМЕРА
Koha biblioitemnumber 323597
999 ## - СИСТЕМНИ КОНТРОЛНИ НОМЕРА
Koha biblioitemnumber 323597
999 ## - СИСТЕМНИ КОНТРОЛНИ НОМЕРА
Koha biblioitemnumber 323597
Наличности
Код за отписване Код за изгубен артикул Източник на класификационната схема Код за повреда Коз за рестрикции Код за отдаване Артикулен № Име на библиотеката - собственик Име на библиотеката, в която се намира в момента Статус (Текущо местоположение) Дата на вписване в системата Местоположение - отдел Цена в лева Инвентарен номер Систематично азбучна сигнатура Баркод Цена в евро Служебен тип на артикула
  Не е изгубен Universal Decimal Classification Не е повреден без рестрикции заемане за дома 678763 Регионална библиотека "Любен Каравелов" Русе Регионална библиотека "Любен Каравелов" Русе Детски отдел 2018-08-02 Детски отдел 8.00 120000822137 ДХ 820/899/М 19 120000822137 4.09 Книги
  Не е изгубен Universal Decimal Classification Не е повреден без рестрикции заемане за дома 678764 Регионална библиотека "Любен Каравелов" Русе Регионална библиотека "Любен Каравелов" Русе Детски отдел 2018-08-02 Детски отдел 8.00 120000822139 ДХ 820/899/М 19 120000822139 4.09 Книги
  Не е изгубен Universal Decimal Classification Не е повреден без рестрикции ползва се в читалня 686735 Регионална библиотека "Любен Каравелов" Русе Регионална библиотека "Любен Каравелов" Русе Хранилище 2018-12-13 Хранилище 9.99   Цб ІІ 23186 120000827544 5.11 Книги
  Не е изгубен Universal Decimal Classification Не е повреден без рестрикции заемане за дома 799566 Регионална библиотека "Любен Каравелов" Русе Регионална библиотека "Любен Каравелов" Русе Детски отдел 2020-09-17 Детски отдел 7.50   821-93/М 19 Д 120000847008 3.83 Книги
  Не е изгубен Universal Decimal Classification Не е повреден без рестрикции заемане за дома 799567 Регионална библиотека "Любен Каравелов" Русе Регионална библиотека "Любен Каравелов" Русе Детски отдел 2020-09-17 Детски отдел 7.50   821-93/М 19 Д 120000847009 3.83 Книги
Vip Innovations Ltd, Rousse, Bulgaria 2025